<?xml version="1.0" encoding="UTF-8"?>
<collection xmlns="http://www.loc.gov/MARC21/slim">
<record>
  <controlfield tag="001">109223</controlfield>
  <controlfield tag="005">20220104094600.0</controlfield>
  <datafield tag="037" ind1=" " ind2=" ">
    <subfield code="a">TAZ-TFG-2021-4521</subfield>
  </datafield>
  <datafield tag="041" ind1=" " ind2=" ">
    <subfield code="a">spa</subfield>
  </datafield>
  <datafield tag="100" ind1="1" ind2=" ">
    <subfield code="a">García Casanova, Héctor</subfield>
  </datafield>
  <datafield tag="242" ind1="0" ind2="0">
    <subfield code="a">Control of Pseudomonas biofilms by essential oils</subfield>
  </datafield>
  <datafield tag="245" ind1="0" ind2="0">
    <subfield code="a">Control de biofilms de Pseudomonas mediante la utilización de aceites esenciales</subfield>
  </datafield>
  <datafield tag="260" ind1=" " ind2=" ">
    <subfield code="a">Zaragoza</subfield>
    <subfield code="b">Universidad de Zaragoza</subfield>
    <subfield code="c">2021</subfield>
  </datafield>
  <datafield tag="506" ind1=" " ind2=" ">
    <subfield code="a">by-nc-sa</subfield>
    <subfield code="b">Creative Commons</subfield>
    <subfield code="c">3.0</subfield>
    <subfield code="u">http://creativecommons.org/licenses/by-nc-sa/3.0/</subfield>
  </datafield>
  <datafield tag="520" ind1=" " ind2=" ">
    <subfield code="a">El crecimiento microbiano es la causa más común de alteración de los alimentos. La carne es muy susceptible a alterarse dadas las características favorables que presenta para la multiplicación bacteriana. El principal agente alterante de la carne es Pseudomonas spp., una bacteria que puede nutrirse de una gran variedad de compuestos además de los hidratos de carbono y que es psicrótrofa, es decir, que puede multiplicarse a temperaturas de refrigeración. Estas cualidades sumadas a su capacidad de formar biofilms la convierten en un problema persistente de contaminación y posterior alteración de la carne. Los biofilms confieren mayor resistencia a los desinfectantes a los microorganismos que contienen, por eso se están investigando nuevas maneras de erradicarlos, como los aceites esenciales o sus componentes individuales, como el carvacrol. Por esta razón, este Trabajo de Fin de Grado pretende estudiar la formación de biofilms de Pseudomonas spp. y su eliminación con carvacrol.&lt;br />Para llevar a cabo este trabajo, se utilizó la cepa de Pseudomonas sp. SP1 aislada de carne de pollo. Primero se caracterizó la formación de biofilms de la cepa a lo largo de 24, 48, 72 y 96 h, tanto de su biomasa mediante la medición de la densidad óptica a 595 nm (DO595), como del número de células sésiles mediante la técnica de recuento en placa. De este modo, se determinó el punto máximo de maduración del biofilm a las 72 h. Se determinaron la concentración mínima inhibitoria (CMI) y concentración mínima bactericida (CMB) de las células planctónicas de la cepa frente a carvacrol, obteniéndose los valores de 400 y 800 µL/L, respectivamente. Los ensayos de eliminación del biofilm con carvacrol revelaron que el tratamiento a 25 °C durante 1 h en medio de pH 4,0 con 2.000 µL/L de carvacrol (2,5x CMB) resultó ser el más eficaz, inactivando más de 5 ciclos logarítmicos de células sésiles del biofilm de 72 h de Pseudomonas sp SP1.&lt;br />&lt;br /></subfield>
  </datafield>
  <datafield tag="521" ind1=" " ind2=" ">
    <subfield code="a">Graduado en Ciencia y Tecnología de los Alimentos</subfield>
  </datafield>
  <datafield tag="540" ind1=" " ind2=" ">
    <subfield code="a">Derechos regulados por licencia Creative Commons</subfield>
  </datafield>
  <datafield tag="700" ind1=" " ind2=" ">
    <subfield code="a">García Gonzalo, Diego</subfield>
    <subfield code="e">dir.</subfield>
  </datafield>
  <datafield tag="700" ind1=" " ind2=" ">
    <subfield code="a">Merino Almalé, Natalia</subfield>
    <subfield code="e">dir.</subfield>
  </datafield>
  <datafield tag="710" ind1="2" ind2=" ">
    <subfield code="a">Universidad de Zaragoza</subfield>
    <subfield code="b">Producción Animal y Ciencia de los Alimentos</subfield>
    <subfield code="c">Tecnología de Alimentos</subfield>
  </datafield>
  <datafield tag="856" ind1="0" ind2=" ">
    <subfield code="f">716589@unizar.es</subfield>
  </datafield>
  <datafield tag="856" ind1="4" ind2=" ">
    <subfield code="s">782381</subfield>
    <subfield code="u">http://zaguan.unizar.es/record/109223/files/TAZ-TFG-2021-4521.pdf</subfield>
    <subfield code="y">Memoria (spa)</subfield>
  </datafield>
  <datafield tag="909" ind1="C" ind2="O">
    <subfield code="o">oai:zaguan.unizar.es:109223</subfield>
    <subfield code="p">driver</subfield>
    <subfield code="p">trabajos-fin-grado</subfield>
  </datafield>
  <datafield tag="950" ind1=" " ind2=" ">
    <subfield code="a"></subfield>
  </datafield>
  <datafield tag="980" ind1=" " ind2=" ">
    <subfield code="a">TAZ</subfield>
    <subfield code="b">TFG</subfield>
    <subfield code="c">VET</subfield>
  </datafield>
  <datafield tag="999" ind1=" " ind2=" ">
    <subfield code="a">20211118170342.CREATION_DATE</subfield>
  </datafield>
  <datafield tag="951" ind1=" " ind2=" ">
    <subfield code="a">deposita:2022-01-04</subfield>
  </datafield>
</record>
</collection>